Essentials of Management Information Systems (Record no. 350534)

000 -LEADER
fixed length control field 00942pam a2200289 a 4500
001 - CONTROL NUMBER
control field 16309418
003 - CONTROL NUMBER IDENTIFIER
control field OSt
005 - DATE AND TIME OF LATEST TRANSACTION
control field 20180116183020.0
008 - FIXED-LENGTH DATA ELEMENTS--GENERAL INFORMATION
fixed length control field 100629s2011 maua b 001 0 eng
010 ## - LIBRARY OF CONGRESS CONTROL NUMBER
LC control number 2010287551
020 ## - INTERNATIONAL STANDARD BOOK NUMBER
International Standard Book Number 9780136110996
020 ## - INTERNATIONAL STANDARD BOOK NUMBER
International Standard Book Number 9788131764374
040 ## - CATALOGING SOURCE
Original cataloging agency DLC
Language of cataloging eng
Transcribing agency DLC
Modifying agency DLC
050 00 - LIBRARY OF CONGRESS CALL NUMBER
Classification number T58.6
Item number .L3753 2011
082 ## - DEWEY DECIMAL CLASSIFICATION NUMBER
Classification number 658.4038 LAU 2012
100 1# - MAIN ENTRY--PERSONAL NAME
Personal name Laudon, Kenneth C.,
Dates associated with a name 1944-
245 10 - TITLE STATEMENT
Title Essentials of Management Information Systems
Statement of responsibility, etc. Kenneth C. Laudon, Jane P. Laudon.
250 ## - EDITION STATEMENT
Edition statement 9th ed.
260 ## - PUBLICATION, DISTRIBUTION, ETC.
Place of publication, distribution, etc. Boston :
Name of publisher, distributor, etc. Prentice Hall,
Date of publication, distribution, etc. c2011.
300 ## - PHYSICAL DESCRIPTION
Extent 440 + 20 other
Other physical details col. ill. ;
Dimensions 29 cm.
504 ## - BIBLIOGRAPHY, ETC. NOTE
Bibliography, etc. note Includes bibliographical references and index.
650 #0 - SUBJECT ADDED ENTRY--TOPICAL TERM
Topical term or geographic name entry element Management information systems.
700 1# - ADDED ENTRY--PERSONAL NAME
Personal name Laudon, Jane P.
Fuller form of name (Jane Price)
906 ## - LOCAL DATA ELEMENT F, LDF (RLIN)
a 7
b cbc
c origcop
d 2
e ocip
f 20
g y-gencatlg
942 ## - ADDED ENTRY ELEMENTS (KOHA)
Source of classification or shelving scheme
Koha item type Book
Holdings
Withdrawn status Lost status Source of classification or shelving scheme Damaged status Not for loan Collection code Permanent Location Current Location Shelving location Date acquired Total Checkouts Full call number Barcode Date last seen Date last checked out Price effective from Koha item type
            Central Library (CL) Central Library (CL) General Stacks 11/10/2015 1 658.4038 LAU 2012 NBS9567 10/21/2016 09/30/2016 11/10/2015 Book
© 2023 Central Library, National University of Sciences and Technology. All Rights Reserved.